Szczegóły MARC21

Wspólnota Europejska, twój sąsiad.

005 -DATA I CZAS OSTATNIEJ MODYFIKACJI [,]
    • @
    • pole kontrolne
    • 20070315155141.9
020 -Międzynarod. znormalizowany nr książki - ISBN [ , ]
    • a
    • Numer ISBN
    • 9282643891 Find
040 -Instytucja sporządzająca opis [ , ]
    • a
    • Instytucja, która sporządziła opis (NP)
    • SZCZ U
    • c
    • Instytucja, która sporządziła rekord (NP)
    • SZCZ U
041 -Język dokumentu [1, ]
    • a
    • Język tekstu (P)
    • polski
    • h
    • Język tekstu oryginalnego i/lub pośredniego (P)
    • angielski
942 -Rodzaj dokumentu [ , ]
    • c
    • Rodzaj dokumentu
    • Książka
245 -Strefa tytułu i oznaczenia odpowiedzialności [0, ]
    • a
    • Tytuł
    • Wspólnota Europejska, twój sąsiad. Find
260 -Strefa adresu wydawniczego [ , ]
    • a
    • Miejsce wydania (P)
    • Luxembourg :
    • b
    • Nazwa wydawcy (P)
    • Office for Official Publ.of the Europ.Communites,
    • c
    • Data wydania (P)
    • 1992.
300 -Strefa opisu fizycznego [ , ]
    • a
    • Określenie formy książki i/lub objętość (NP)
    • 40 s. :
    • b
    • Oznaczenie ilustracji (NP)
    • fot., wykr. :
    • c
    • Format (NP)
    • 23 cm +
    • e
    • Oznaczenie dokumentu towarzyszącego (NP)
    • wkładka.
500 -Uwaga ogólna [ , ]
    • a
    • Uwaga ogólna (NP)
    • Przeł. z jęz. ang
080 -Uniwersalna Klasyfikacja Dziesiętna [ , ]
    • a
    • Symbol klasyfikacji
    • 061.(100.3-62)
080 -Uniwersalna Klasyfikacja Dziesiętna [ , ]
    • a
    • Symbol klasyfikacji
    • :339.923UE
980 -Symbol UKD [ , ]
    • a
    • UKD
    • 061.(100.3-62):339.923UE
920 -ISBN [ , ]
    • a
    • ISBN
    • 92-826-4389-1 Find
Status udost. Numer inwentarzowy Data inwentaryzacji Lokalizacja
-2T.51372001-04-13T